| 000 | 01098nam0a22002771 4500 | ||
|---|---|---|---|
| 001 | rc\4363516 | ||
| 005 | 20250612061417.0 | ||
| 021 |
_aRU _b[64-63773] |
||
| 035 | _a(NLR Aleph) 008536850 | ||
| 090 |
_a8322497 _c8322497 |
||
| 100 | _a20130416d1964 |||y0rusy50 ca | ||
| 101 | 0 | _arus | |
| 102 | _aRU | ||
| 105 | _aa z ||||| | ||
| 200 | 1 |
_aНа наших полях - стопудовый урожай _e[Колхоз им. Ильича, Камышлов. производ. упр. _fЛит. запись Л.И. Локосовой] |
|
| 210 |
_aСвердловск _cСред.-Урал. кн. изд-во _d1964 |
||
| 215 |
_a32 с. _cил. _d17 |
||
| 225 | 1 | _aТрибуна передовиков сельского хозяйства | |
| 606 |
_aЗерновые культуры _xВозделывание _yСвердловская область _2psbo |
||
| 700 | 1 |
_aГлызин _bД.В. _gДмитрий Васильевич |
|
| 702 | 1 |
_aЛокосова _bЛ.И. _4570 |
|
| 801 | 0 |
_aRU _bNLR _gpsbo |
|
| 801 | 1 |
_aRU _bELAR _2rusmarc |
|
| 852 |
_aNLR _j64-2/2413 |
||
| 942 | _cBOOK | ||
| 980 | _aNB | ||